000 01057nam a22002417a 4500
999 _c22161
_d22161
003 AR-CdUCM
008 190425b ||||| |||| 00| 0 spa d
040 _aMUNICIPALIDAD PROVINCIAL DEL CUSCO
_cBIBLIOTECA MUNICIPAL DEL CUSCO
082 _aOropesa/N°36/2000
245 _aOropesa :
_brevista de cultura y educación de opinión y crítica /
_cAmérico Valer Vargas, Director
260 _aCusco.
_bPantigozo,
_c2000.
300 _a22 páginas. :
_bilustraciones ;
_c30 cm.
440 _aOropesa.
_nAño XIX, N°XXXVI, setiembre 2000.
_947578
505 _aContenido: El Intihuatana y la cosmovisión andina. -- VIII Festival del pan Oropesa T´anta Raymi 2000. -- Condiciones para la educación de calidad. -- Cáncer generalizada de corrupción su cambio al fujimorismo.
650 _aPolítica cusqueña
_947381
650 _aCultura andina
_947570
650 _aSociedad cusqueña
_947493
650 _aSiglo XX
_947561
700 _aValer Vargas, Alejandro
_947563
700 _aSaloma Gonzáles, Adolfo
_947572
942 _2ddc
_cPP
945 _arac